Quel club de foot en France ? - Statistiques

Statistiques générales
  • Ce quiz a été pris 158 fois
  • Le résultat moyen est 9 sur 14
Statistiques - réponses
Indice Club % Correct
Quel club est le seul en France à avoir remporté tous les trophées nationaux possibles sur une même saison, et cela à deux reprises ? Paris Saint-Germain
93%
Quel club a remporté un match alors qu'il perdait 4-0 à domicile à la fin de la première mi-temps ? Olympique de Marseille
86%
Quel club a atteint en premier la barre symbolique des 10 titres de champion de France ? Association sportive de Saint-Étienne
84%
Quel club, champion de France à 6 reprises, a été relégué en National 2 en 2024 ? FC Girondins de Bordeaux
84%
Quel club a vu son président se faire une crête orange et bleue pour célébrer un titre de champion de France ? Montpellier HSC
84%
Quel est le club formateur de la légende Zinédine Zidane ? AS Cannes
80%
Quel club a battu le Real Madrid, l'Atlético Madrid et la Juventus au cours d'une même campagne européenne ? Lille OSC
69%
Quel club a été le premier à vendre un joueur plus de 50 millions d’euros ? AS Monaco
58%
Quel club est surnommé régulièrement comme « le club doyen du football français » ? Le Havre Athletic Club
54%
Quel club professionnel a été le premier à avoir pour entraineur une femme ? Clermont Foot 63
51%
De quel club la star Salma Hayek est-elle la femme du président ? Stade Rennais FC
51%
Quel club français a vu Michael Jackson porté son maillot sur une photo iconique ? OGC Nice
50%
De quel club son président s'est vu offrir une PlayStation par des supporters adverses ? Olympique Lyonnais
49%
Quel club a recruté le premier joueur saoudien de l’histoire de la Ligue 1 ? RC Lens
37%
Aucun quiz correspondant
Distribution des résultats
% des personnes avec chaque résultat
Percentile par nombre de réponses
Votre historique - résultats
Vous n’avez pas pris ce quiz